[Event "Martinique-ch 34th"]
[Site "Le Lamentin"]
[Date "2018.05.11"]
[Round "8"]
[White "Marbot, Raymond"]
[Black "Grange, Julien2222"]
[Result "1/2-1/2"]
[WhiteElo "1673"]
[BlackElo "1854"]
[PlyCount "60"]
[EventDate "2018.05.05"]
[EventType "tourn"]
[EventRounds "11"]
[EventCountry "MFR"]
[SourceTitle "CBM 184 Extra"]
[Source "ChessBase"]
[SourceDate "2018.06.28"]
[SourceVersion "1"]
[SourceVersionDate "2018.06.28"]
[SourceQuality "1"]

1. e4 d6 2. d4 Nf6 3. Nc3 g6 4. Be3 c6 5. h3 Bg7 6. Qd2 Nbd7 7. Be2 Qc7 8. Bf3 a6 9. Nge2 e5 10. d5 c5 11. 0-0 b5 12. b3 0-0 13. Ng3 Nb6 14. a4 b4 15. a5 bxc3 16. axb6 Qxb6 17. Qxc3 Bd7 18. Be2 h5 19. f3 Rfb8 20. Bc4 a5 21. Bd2 a4 22. Ra3 axb3 23. Rxb3 Qc7 24. Rfb1 Ba4 25. Rxb8+ Rxb8 26. Rb2 Nd7 27. Rxb8+ Qxb8 28. Bb3 Bxb3 29. Qxb3 Qxb3 30. cxb3 Kf8 1/2-1/2

[Event "Martinique op"]
[Site "Schoelcher"]
[Date "2014.04.12"]
[Round "1"]
[White "Pelletier, Yannick"]
[Black "Marbot, Raymond"]
[Result "1-0"]
[WhiteElo "2575"]
[BlackElo "1827"]
[PlyCount "43"]
[EventDate "2014.04.12"]
[EventType "swiss"]
[EventRounds "9"]
[EventCountry "FRA"]
[SourceTitle "EXT 2015"]
[Source "ChessBase"]
[SourceDate "2014.11.20"]
[SourceVersion "1"]
[SourceVersionDate "2014.11.20"]
[SourceQuality "1"]

1. d4 Nf6 2. Nc3 e6 3. e4 d6 4. Be3 Be7 5. f3 0-0 6. Nge2 Nbd7 7. g4 c5 8. g5 Nh5 9. Qd2 cxd4 10. Nxd4 Ne5 11. 0-0-0 a6 12. Rg1 g6 13. h4 Bd7 14. f4 Nc6 15. Be2 Ng7 16. h5 gxh5 17. Nxc6 Bxc6 18. Rh1 d5 19. Bxh5 Bb4 20. a3 Bxc3 21. Qxc3 Rc8 22. Rd2 1-0

[Event "FRA-ch Seniors"]
[Site "Nancy"]
[Date "2013.08.18"]
[Round "6"]
[White "Marbot, Raymond"]
[Black "Belluire, Patrice"]
[Result "1/2-1/2"]
[WhiteElo "1823"]
[BlackElo "1899"]
[PlyCount "111"]
[EventDate "2013.08.11"]
[EventType "swiss"]
[EventRounds "11"]
[EventCountry "FRA"]
[SourceTitle "CBM 156 Extra"]
[Source "ChessBase"]
[SourceDate "2013.10.22"]
[SourceVersion "1"]
[SourceVersionDate "2013.10.22"]
[SourceQuality "1"]

1. e4 d5 2. exd5 Nf6 3. d4 Nxd5 4. c4 Nb6 5. Nf3 Bg4 6. Be2 e6 7. 0-0 Nc6 8. Be3 Bxf3 9. Bxf3 Nxc4 10. Bxc6+ bxc6 11. Qa4 Nb6 12. Qxc6+ Qd7 13. Qxd7+ Kxd7 14. Nd2 Bd6 15. Rac1 Rhb8 16. Rc2 Nd5 17. a3 a5 18. g3 h5 19. Kg2 f6 20. h4 a4 21. Nc4 Nb6 22. Bc1 Nd5 23. Re1 Nb6 24. Nxb6+ Rxb6 25. Rce2 Bf8 26. Rc2 Bd6 27. Rc4 Rb5 28. Re2 Ra6 29. Rec2 Rbb6 30. Bd2 Rb5 31. Bb4 Rab6 32. Bxd6 Kxd6 33. Rxc7 Rxb2 34. Rxb2 Rxb2 35. Rc4 Kd5 36. Rxa4 Ke4 37. Ra6 e5 38. dxe5 fxe5 39. Rg6 Kd3 40. Rxg7 e4 41. Rd7+ Ke2 42. Rd5 Ra2 43. Rxh5 Ke1 44. Rg5 Rxf2+ 45. Kg1 Rf1+ 46. Kg2 Rf2+ 47. Kh3 e3 48. h5 Kd2 49. Re5 e2 50. Kh4 Rf3 51. Rxe2+ Kxe2 52. h6 Rxa3 53. g4 Kf3 54. h7 Ra1 55. Kg5 Rh1 56. Kg6 1/2-1/2

[Event "FRA-ch Seniors"]
[Site "Nancy"]
[Date "2013.08.16"]
[Round "5"]
[White "Talamon, Jerome"]
[Black "Marbot, Raymond"]
[Result "0-1"]
[WhiteElo "1672"]
[BlackElo "1823"]
[PlyCount "99"]
[EventDate "2013.08.11"]
[EventType "swiss"]
[EventRounds "11"]
[EventCountry "FRA"]
[SourceTitle "CBM 156 Extra"]
[Source "ChessBase"]
[SourceDate "2013.10.22"]
[SourceVersion "1"]
[SourceVersionDate "2013.10.22"]
[SourceQuality "1"]

1. Nf3 Nf6 2. d4 e6 3. e3 d5 4. Bd3 c5 5. b3 Nc6 6. Bb2 Be7 7. a3 Qb6 8. dxc5 Qxc5 9. 0-0 0-0 10. b4 Qb6 11. Nc3 a6 12. Na4 Qc7 13. c4 dxc4 14. Bc2 b5 15. Nc3 Bb7 16. Qe2 Bd6 17. h3 Ne7 18. Nd2 Ng6 19. Nde4 Nxe4 20. Nxe4 Be7 21. Bc3 Qc6 22. f3 f5 23. Ng3 Rf7 24. Nh5 Nf8 25. Bxg7 Rxg7 26. Nxg7 Kxg7 27. Qf2 Ng6 28. Rad1 Rg8 29. g3 Ne5 30. e4 a5 31. f4 Nd3 32. Bxd3 cxd3 33. Qd4+ Kf7 34. Rxd3 axb4 35. axb4 Rd8 36. Qc3 Qxe4 37. Rdf3 Bxb4 38. Qc7+ Be7 39. Qc3 Ra8 40. Qd3 Qc4 41. R3f2 Bd5 42. Qe2 Kg7 43. Qe5+ Bf6 44. Qd6 Qe4 45. Kh2 Rd8 46. Qc7+ Kg6 47. g4 fxg4 48. hxg4 Rf8 49. g5 Bd4 50. f5+ 0-1

[Event "Schoelcher Martinique op"]
[Site "Schoelcher "]
[Date "2013.04.05"]
[Round "5"]
[White "Marbot, Raymond"]
[Black "Djuric, Stefan"]
[Result "0-1"]
[WhiteElo "1836"]
[BlackElo "2471"]
[PlyCount "98"]
[EventDate "2013.04.03"]
[EventType "swiss"]
[EventRounds "9"]
[EventCountry "MFR"]
[SourceTitle "CBM 153 Extra"]
[Source "ChessBase"]
[SourceDate "2013.04.22"]
[SourceVersion "1"]
[SourceVersionDate "2013.04.22"]
[SourceQuality "1"]

1. e4 e5 2. Nf3 Nc6 3. Bb5 a6 4. Ba4 Nf6 5. 0-0 Be7 6. Re1 b5 7. Bb3 0-0 8. c3 d6 9. h3 h6 10. d4 Re8 11. Nbd2 Bf8 12. Nf1 Bd7 13. Ng3 Na5 14. Bc2 c5 15. b3 Nc6 16. d5 Ne7 17. Be3 Ng6 18. a3 Qc7 19. Qd2 Reb8 20. b4 a5 21. Reb1 c4 22. a4 axb4 23. Rxb4 bxa4 24. Rxb8 Qxb8 25. Qc1 Qc8 26. Ra3 Ra6 27. Qa1 Nf4 28. Bxf4 exf4 29. Ne2 Qe8 30. Nd2 Nxd5 31. Nxc4 Nf6 32. Nd2 d5 33. Ra2 dxe4 34. Nxf4 e3 35. Nf3 exf2+ 36. Kxf2 Bc5+ 37. Nd4 a3 38. Qe1 Qb8 39. Qd2 g5 40. Nfe2 Rb6 41. Bd3 Be6 42. c4 Rd6 43. Qc3 Qa7 44. Ke3 Nh5 45. Ke4 Qa8+ 46. Ke3 Qxg2 47. Be4 Bxd4+ 48. Nxd4 Qxa2 49. Nxe6 Rxe6 0-1

[Event "FRA-ch Seniors"]
[Site "Aix les Bains"]
[Date "2007.08.18"]
[Round "5"]
[White "Oger, Claude"]
[Black "Marbot, Raymond"]
[Result "1-0"]
[WhiteElo "1999"]
[BlackElo "1834"]
[PlyCount "79"]
[EventDate "2007.08.13"]
[EventType "swiss"]
[EventRounds "11"]
[EventCountry "FRA"]
[SourceTitle "CBM 120 Extra"]
[Source "ChessBase"]
[SourceDate "2007.11.01"]
[SourceVersion "1"]
[SourceVersionDate "2007.11.01"]
[SourceQuality "1"]

1. d4 Nf6 2. Nf3 e6 3. c4 b6 4. g3 Bb7 5. Bg2 Be7 6. Nc3 Ne4 7. Qc2 Nxc3 8. Qxc3 d6 9. 0-0 0-0 10. Qc2 f5 11. Nh4 Bxg2 12. Nxg2 Qe8 13. b3 Nd7 14. Bb2 Bf6 15. Rad1 c5 16. dxc5 dxc5 17. Rd6 Rf7 18. Rfd1 Bxb2 19. Qxb2 e5 20. R1d5 Re7 21. Qd2 Nf8 22. Qg5 Qf7 23. Nh4 Ne6 24. Qxf5 Nd4 25. Qe4 Rf8 26. f3 Qh5 27. Rd8 Rfe8 28. Rxe8+ Qxe8 29. Kf2 g6 30. e3 Nc6 31. Rd6 Nd8 32. Qg4 Kh8 33. Qg5 Qf8 34. Rxg6 Ne6 35. Qxe5+ Ng7 36. Rf6 Qe8 37. Qf4 Kg8 38. Qg5 Re5 39. Nf5 Qd7 40. Nh6+ 1-0